Méthodologie de l'analyse des textes espagnols et hispano-américains : Théorie, analyses commentées, anthologie (notice n° 1925284)
[ vue normale ]
| 000 -LEADER | |
|---|---|
| fixed length control field | 01372cam a2200145 4500500 |
| 005 - DATE AND TIME OF LATEST TRANSACTION | |
| control field | 20260329023159.0 |
| 041 ## - LANGUAGE CODE | |
| Language code of text/sound track or separate title | fre |
| 042 ## - AUTHENTICATION CODE | |
| Authentication code | dc |
| 100 10 - MAIN ENTRY--PERSONAL NAME | |
| Personal name | Zuili, Marc |
| Relator term | author |
| 245 00 - TITLE STATEMENT | |
| Title | Méthodologie de l'analyse des textes espagnols et hispano-américains : Théorie, analyses commentées, anthologie |
| 260 ## - PUBLICATION, DISTRIBUTION, ETC. | |
| Name of publisher, distributor, etc. | Armand Colin,<br/> |
| Date of publication, distribution, etc. | 2024.<br/> |
| 520 ## - SUMMARY, ETC. | |
| Summary, etc. | Destiné à faciliter l’approche des textes littéraires espagnols et hispano-américains en fournissant de nombreux outils méthodologiques, cet ouvrage repose sur une démarche dont le but est de présenter les éléments fondamentaux de l’analyse textuelle en espagnol. Après une partie théorique accompagnée de conseils pratiques, ce manuel offre, à titre d’exemples, une série de textes suivis d’analyses intégralement rédigées selon la méthode préconisée. Afin de permettre l’acquisition progressive de compétences et d’autonomie, des analyses dirigées – car accompagnées de questionnaires – sont ensuite proposées. Cet ensemble s’achève sur une sélection de textes d’auteurs de langue espagnole destinés à servir de support à des exercices systématiques. |
| 700 10 - ADDED ENTRY--PERSONAL NAME | |
| Personal name | Brouste-Blanc, Mercedes |
| Relator term | author |
| 856 41 - ELECTRONIC LOCATION AND ACCESS | |
| Uniform Resource Identifier | <a href="https://shs.cairn.info/methodologie-de-l-analyse-des-textes-espagnols-et-hispano-americains--9782200639303?lang=fr&redirect-ssocas=7080">https://shs.cairn.info/methodologie-de-l-analyse-des-textes-espagnols-et-hispano-americains--9782200639303?lang=fr&redirect-ssocas=7080</a> |
Pas d'exemplaire disponible.




Réseaux sociaux